Modelling the influence of environmental pollutants on the basis of response by microorganisms

Bibliographic Details
Main Authors: Bagdasarian, G. A. (Author), Genjatulin, K. V. (Author)
Format: Article
Language:Slovak
English
PhysicalDescription:Res. češ., rus., lit. 40 zázn. v angl.
Subjects:

MARC

LEADER 00000nab a2200000 a 4500
001 vtls000238846
003 SK-MaSNL
005 20260304225429.0
008 250422c1985 xo 0 slo
015 |a SNBRB19rr/mm-uuuuu 
035 |a CL0248960 
035 |a urn:nbn:sk:snk-ab9ym2 
035 |a (urnnbn)urn:nbn:sk:snk:ar-a094re 
035 |a (uuid)2e998309-17b2-44b0-b7b5-7c1960385024 
040 |a SNKBUCL  |b slo  |c SNKBUCL  |e AACR2 
041 0 |a eng 
044 |a xo  |c SK 
080 |a 504.058:579  |2 1981 
080 |a 579  |2 1981 
100 1 |a Bagdasarian, G. A.  |4 aut  |9 1561510 
245 1 0 |a Modelling the influence of environmental pollutants on the basis of response by microorganisms  |c G. A. Bagdasarian, K. V. Genjatulin 
300 |b Res. češ., rus., lit. 40 zázn. v angl. 
650 0 7 |a životné prostredie  |2 snkbucl  |9 786 
650 0 7 |a mikroorganizmy  |2 snkbucl  |9 15780 
655 7 |a články z novín a časopisov  |2 snkbucl  |9 267496 
700 1 |a Genjatulin, K. V.  |4 aut  |9 1332698 
773 0 |t Ekológia (ČSSR)  |g Roč. 4, č. 4 (1985), s. 407-415 
850 |a Slovenská národná knižnica 
852 |a Slovenská národná knižnica 
958 |a article13 
958 |a NB 
958 |a RK 
958 |a ME 
958 |a OND 
958 |a EUIPO 
992 |a RBX 
999 |c 3177520  |d 3179450